[Event "Banja Luka"]
[Site "Banja Luka"]
[Date "1981.??.??"]
[Round "?"]
[White "Bukic, Enver"]
[Black "Vukic, Milan"]
[Result "1/2-1/2"]
[WhiteElo "2480"]
[BlackElo "2505"]

1.d4 Nf6 2.c4 g6 3.Nc3 Bg7 4.e4 d6 5.Nf3 O-O 6.Be2 e5 7.dxe5 dxe5 8.Qxd8 Rxd8
9.Bg5 Re8 10.Nd5 Nxd5 11.cxd5 c6 12.Bc4 cxd5 13.Bxd5 Nd7 14.Nd2 Nb6 15.Bb3 Bd7
16.O-O Bf8 17.Rfc1  1/2-1/2

[Event "Banja Luka"]
[Site "Banja Luka"]
[Date "1981.??.??"]
[Round "?"]
[White "Lakic, Nikola"]
[Black "Hausner, Ivan"]
[Result "1/2-1/2"]
[WhiteElo "2355"]
[BlackElo "2460"]

1.d4 d6 2.c4 e5 3.Nf3 Nd7 4.Nc3 Ngf6 5.e4 g6 6.Be2 Bg7 7.O-O O-O 8.Be3 c6
9.Qc2 Ng4 10.Bg5 f6 11.Bh4 h5 12.h3 Nh6 13.Rad1 Qe8 14.d5 Nf7 15.dxc6 bxc6
16.b4 a5 17.a3 axb4 18.axb4 Kh8 19.Nd2 Rg8 20.Nb3 Nf8 21.c5 dxc5 22.Nxc5 Rb8
23.Rb1 Qe7 24.Qa4  1/2-1/2

[Event "Banja Luka"]
[Site "Banja Luka"]
[Date "1981.??.??"]
[Round "?"]
[White "Bukic, Enver"]
[Black "Hausner, Ivan"]
[Result "0-1"]
[WhiteElo "2480"]
[BlackElo "2460"]

1.d4 Nf6 2.c4 g6 3.Nc3 Bg7 4.e4 d6 5.Nf3 O-O 6.Be2 e5 7.O-O Nbd7 8.Be3 c6
9.Qc2 Ng4 10.Bg5 f6 11.Bd2 Qe7 12.d5 f5 13.Ne1 Ndf6 14.f3 Nh6 15.Nd3 c5 16.Nf2 f4
17.Rab1 g5 18.Qd1 Nf7 19.b4 b6 20.bxc5 bxc5 21.Nb5 h5 22.h3 Nh6 23.Ba5 Ne8
24.Rb3 Rf7 25.Qb1 Bf8 26.Nc3 Rg7 27.Rb8 Rxb8 28.Qxb8 Bd7 29.Bd8 Qf7 30.Qxa7 Qg6
31.Qa3 g4 32.fxg4 hxg4 33.Bxg4 Nxg4 34.Nxg4 Bxg4 35.hxg4 Qxg4 36.Qb2 Qg3
37.Nd1 Rh7 38.Qe2 Qh2+ 39.Kf2 f3 40.Qe3 Bh6 41.Qxf3 Rf7 42.Qxf7+ Kxf7 43.Ke2+ Kg8
44.a4 Qxg2+ 45.Nf2 Qg3 46.Rh1 Qe3+ 47.Kf1 Bf4 48.Rh3 Qc1+ 49.Kg2 Qxc4 50.a5 Qa4
51.Kf3 c4 52.Kg2 Qa1  0-1

[Event "Banja Luka"]
[Site "Banja Luka"]
[Date "1981.??.??"]
[Round "?"]
[White "Bukic, Enver"]
[Black "Lakic, Nikola"]
[Result "1-0"]
[WhiteElo "2480"]
[BlackElo "2355"]

1.d4 Nf6 2.Nf3 g6 3.c4 Bg7 4.Nc3 O-O 5.e4 d6 6.Be2 e5 7.O-O Nbd7 8.Be3 a5
9.Qc2 Ng4 10.Bg5 f6 11.Bh4 c6 12.Rad1 Qe7 13.Rfe1 Nh6 14.c5 exd4 15.cxd6 Qxd6
16.Nxd4 Qe7 17.Na4 Kh8 18.f4 g5 19.Bg3 gxf4 20.Bxf4 Ne5 21.Nb6 Rb8 22.Qc1 Nhf7
23.Bh5 Be6 24.a3 Rbd8 25.Qc3 c5 26.Nf5 Bxf5 27.exf5 Rd4 28.Be3 Rfd8 29.Bxd4 cxd4
30.Qxa5 d3 31.Nc4 Qd7 32.Bxf7 Nxf7 33.Qc3 b5 34.Nb6 Qxf5 35.Qc7 Kg8 36.a4 Bf8
37.Qg3+ Kh8 38.a5 Bc5+ 39.Kh1 Ne5 40.Rf1 Qe6 41.Qh4 Kg7 42.Qe4 Qc6 43.Qe1 Kh8
44.Qh4 Be7 45.h3 Rg8 46.Qf2 f5 47.Rc1 Qb7 48.a6 Qe4 49.Rce1 Bc5 50.Rxe4 Bxf2
51.Rxe5 Bxb6 52.Rxb5 d2 53.Rxb6  1-0

[Event "YUG-ch"]
[Site "Borovo"]
[Date "1981.??.??"]
[Round "12"]
[White "Cebalo, Miso"]
[Black "Nicevski, Risto"]
[Result "1-0"]
[WhiteElo "2510"]
[BlackElo "2410"]

1.c4 e5 2.Nc3 d6 3.d4 Nd7 4.Nf3 Ngf6 5.e4 g6 6.Be2 Bg7 7.O-O O-O 8.Be3 h6
9.dxe5 dxe5 10.Nd2 b6 11.b4 a5 12.a3 Re8 13.Qc2 Bf8 14.Qb2 Bb7 15.Rfd1 axb4
16.axb4 Qe7 17.Rab1 Rec8 18.Nd5 Nxd5 19.cxd5 c6 20.Nc4 cxd5 21.exd5 Qf6 22.Qb3 h5
23.g3 Ba6 24.h4 Kh7 25.Bg5 Qh8 26.Rbc1 Bh6 27.Bxh6 Kxh6 28.b5 Bb7 29.Nd6  1-0

[Event "Budva zt"]
[Site "Budva"]
[Date "1981.??.??"]
[Round "13"]
[White "Toth, Bela"]
[Black "Ivanovic, Bozidar"]
[Result "0-1"]
[WhiteElo "2400"]
[BlackElo "2550"]

1.d4 g6 2.c4 Bg7 3.Nc3 d6 4.e4 Nf6 5.Nf3 O-O 6.Be2 e5 7.dxe5 dxe5 8.Qxd8 Rxd8
9.Bg5 Re8 10.O-O-O Na6 11.Ne1 Nc5 12.f3 c6 13.Nc2 a5 14.Be3 Nfd7 15.Rd2 a4
16.Rhd1 Bf8 17.Kb1 Nb8 18.Bf1 Be6 19.g3 Nba6 20.Be2 f5 21.exf5 Bxf5 22.g4 Be6
23.Bg5 Bf7 24.Be3 Be7 25.Ne1 g5 26.Nc2 Bg6 27.Kc1 Kf8 28.Bf2 Bd8 29.Ne3 a3
30.Nf5 Ba5 31.Rd6 Bb4 32.Rf6+ Kg8 33.Ne4 Nxe4 34.fxe4 axb2+ 35.Kxb2 Red8
36.Bg3 Rxd1 37.Bxd1 Nc5 38.Bc2 Nd7 39.Re6 Kf7 40.Rxe5 Kf6  0-1

[Event "Caorle op"]
[Site "Caorle"]
[Date "1981.??.??"]
[Round "3"]
[White "Magrin, Antonio"]
[Black "Martinovic, Slobodan"]
[Result "0-1"]
[WhiteElo "2070"]
[BlackElo "2475"]

1.d4 Nf6 2.c4 g6 3.Nc3 Bg7 4.e4 d6 5.Be2 O-O 6.Nf3 Nbd7 7.O-O e5 8.dxe5 dxe5
9.Bg5 h6 10.Bxf6 Qxf6 11.Nd5 Qd8 12.Qc2 c6 13.Ne3 Qe7 14.Rad1 a5 15.Rd2 Nc5
16.Re1 f5 17.exf5 gxf5 18.Nf1 e4 19.Nd4 Bd7 20.Nb3 Be6 21.Nd4 Bd7 22.Nb3 Ne6
23.Red1 Be8 24.Ng3 a4 25.Nc1 c5 26.Rd5 Nd4 27.R1xd4 cxd4 28.Nxf5 Rxf5 29.Rxf5 d3
30.Nxd3 Bg6  0-1

[Event "Caorle op"]
[Site "Caorle"]
[Date "1981.??.??"]
[Round "7"]
[White "Sieglen, Joachim"]
[Black "Micheli, Carlo"]
[Result "0-1"]
[WhiteElo "2000"]
[BlackElo "2295"]

1.d4 Nf6 2.c4 g6 3.Nc3 Bg7 4.e4 d6 5.Be2 O-O 6.Nf3 e5 7.O-O Nbd7 8.Re1 c6
9.Bf1 Ne8 10.Rb1 Nc7 11.d5 c5 12.a3 a6 13.Nd2 f5 14.b4 b6 15.Nb3 Nf6 16.Bd2 Nxe4
17.Nxe4 fxe4 18.bxc5 dxc5 19.Be3 Ne8 20.Nd2 Nd6 21.Qb3 Rb8 22.Bxc5 bxc5 23.Qxb8 Qf6
24.Kh1 e3 25.fxe3 Bf5 26.Qb3 Bxb1 27.Qxb1 e4 28.Be2 Qf2 29.Qd1 Bc3 30.Rf1 Qxe3
31.Rxf8+ Kxf8 32.Nf1 Qf2 33.Ng3 Be5 34.Qc2 Bxg3 35.hxg3 Nf5 36.Bd1 Nxg3+
37.Kh2 Nf1+ 38.Kh1 e3 39.Qc3 Qh4+ 40.Kg1 Qf2+ 41.Kh1 e2  0-1

[Event "Caorle op"]
[Site "Caorle"]
[Date "1981.??.??"]
[Round "8"]
[White "Billio, Atto"]
[Black "Smit, D."]
[Result "1/2-1/2"]
[WhiteElo "2095"]
[BlackElo "2200"]

1.c4 Nf6 2.Nc3 g6 3.e4 d6 4.d4 Bg7 5.Be2 O-O 6.Nf3 e5 7.d5 Nbd7 8.O-O Nc5
9.Qc2 a5 10.Ne1 Nfd7 11.f3 f5 12.Be3 f4 13.Bf2 b6 14.Nd3 g5 15.a3 Nf6 16.b4 Nxd3
17.Qxd3 g4 18.Bh4 g3 19.hxg3 fxg3 20.f4 exf4 21.Rxf4 axb4 22.Nb5 Bd7 23.Qxg3 Bxb5
24.cxb5 Rxa3 25.Rxa3 bxa3 26.Qxa3 Qe8 27.Qf3 Qe5 28.g3 Qb2 29.Bf1 Qe5 30.Bh3 Qa1+
31.Kg2 Qb2+ 32.Qf2 Qxf2+ 33.Rxf2 Nxe4 34.Be6+ Kh8 35.Rxf8+ Bxf8 36.Bd8 Nc3
37.Bxc7 Nxb5 38.Bxb6 Bg7 39.Kf3 Be5 40.g4 Kg7 41.Ke4 Nc3+ 42.Ke3 Na4 43.Bd8 Nc5
44.Bf5 h6  1/2-1/2

[Event "Politiken Cup"]
[Site "Copenhagen"]
[Date "1981.??.??"]
[Round "2"]
[White "Scheeren, Peter"]
[Black "Brondum, Eric"]
[Result "0-1"]
[WhiteElo "2415"]
[BlackElo "2305"]

1.d4 Nf6 2.c4 g6 3.Nc3 Bg7 4.e4 d6 5.Be2 O-O 6.Nf3 e5 7.Be3 Nbd7 8.O-O exd4
9.Nxd4 Re8 10.f3 c6 11.Bf2 Nh5 12.Qd2 Qf6 13.Rfd1 Nf4 14.Be3 Nxe2+ 15.Ndxe2 Bf8
16.Rac1 Ne5 17.Bg5 Qg7 18.b3 f6 19.Be3 Qc7 20.h3 Be6 21.Bd4 Qe7 22.f4 Nd7
23.Ng3 Bf7 24.Rf1 a6 25.Nd1 b5 26.cxb5 c5 27.Ba1 axb5 28.Nc3 b4 29.Nd5 Bxd5
30.Qxd5+ Qe6 31.Qd2 Qf7 32.h4 Rad8 33.Rcd1 Be7 34.h5 Nb6 35.hxg6 hxg6 36.f5 g5
37.Qe2 Nd7 38.Rf3 Rc8 39.Rc1 Bf8 40.Qd2 c4 41.Qxb4 d5 42.Qb7 Bd6 43.exd5 g4
44.Rfc3 Qh7 45.Rxc4 Rxc4 46.Rxc4 Re1+ 47.Kf2 Rxa1 48.Qc8+ Nf8 49.Rxg4+ Kh8
50.Qc4 Rxa2+ 51.Kf3 Bxg3 52.Kxg3 Qxf5 53.d6 Qe5+ 54.Kh3 Qe3+ 55.g3 Qe6 56.Qf4 Ra7
57.Kh2 Rh7+ 58.Rh4 Rxh4+ 59.Qxh4+ Kg7 60.Qd4 Qe2+ 61.Kh3 Ne6 62.Qg4+ Ng5+  0-1

[Event "Politiken Cup"]
[Site "Copenhagen"]
[Date "1981.??.??"]
[Round "10"]
[White "Velikov, Petar"]
[Black "Scheeren, Peter"]
[Result "1/2-1/2"]
[WhiteElo "2445"]
[BlackElo "2415"]

1.Nf3 Nf6 2.c4 g6 3.Nc3 Bg7 4.e4 O-O 5.d4 d6 6.Be2 e5 7.dxe5 dxe5 8.Qxd8 Rxd8
9.Bg5 Re8 10.Nd5 Nxd5 11.cxd5 c6 12.Bc4  1/2-1/2

[Event "Czestochowa"]
[Site "Czestochowa"]
[Date "1981.??.??"]
[Round "3"]
[White "Sygulski, Boguslaw"]
[Black "Flis, Jacek"]
[Result "1-0"]
[WhiteElo "2200"]
[BlackElo "2310"]

1.d4 Nf6 2.c4 g6 3.Nc3 Bg7 4.e4 d6 5.Nf3 O-O 6.Be2 e5 7.dxe5 dxe5 8.Bg5 Nbd7
9.O-O c6 10.h3 Qc7 11.Qc2 Nc5 12.Be3 Ne6 13.Rad1 Nh5 14.Rfe1 Nhf4 15.Bf1 f5
16.c5 Kh8 17.Rd6 Qe7 18.b4 fxe4 19.Bxf4 Rxf4 20.Rxe4 Ng5 21.Nxg5 Qxg5 22.Qd2 h6
23.Rxf4 exf4 24.Rd8+ Kh7 25.Ne4 Qe7 26.Bc4 Be6 27.Rxa8 Bxc4 28.Qxf4 Bxa2
29.Rxa7 Bd5 30.Ng3 h5 31.Nf1 Be5 32.Qe3 Qc7 33.Qg5 Bg7 34.Ra8 Qf7 35.Qe3  1-0

[Event "Czestochowa"]
[Site "Czestochowa"]
[Date "1981.??.??"]
[Round "4"]
[White "Votruba, Pavel"]
[Black "Flis, Jacek"]
[Result "1/2-1/2"]
[WhiteElo "2320"]
[BlackElo "2310"]

1.Nf3 Nf6 2.c4 g6 3.Nc3 Bg7 4.e4 d6 5.d4 O-O 6.Be2 e5 7.d5 a5 8.Bg5 Na6 9.Nd2 Bd7
10.g4 Nc5 11.h4 Qc8 12.Rg1 c6 13.h5 Rb8 14.a4 Qe8 15.Be3 Qe7 16.g5 Ne8 17.Nb3 b6
18.hxg6 fxg6 19.Nd2 Nc7 20.Rg3 Rf7 21.Qc2 Bf8 22.dxc6 Bxc6 23.Nd5 Qd8 24.Bg4 Nxd5
25.cxd5 Bd7 26.Bxd7 Qxd7 27.Nb1 Be7 28.Nc3 Rc8 29.Ra3 Bd8 30.Qe2 Kg7 31.f3 Kg8
32.Kf2 Kg7 33.Kg2 Kg8 34.Rh3 Be7 35.Nb5 Bd8 36.Nc3 Be7 37.Rg3 Bd8 38.Kg1 Kg7
39.Kh1 Kg8 40.Kh2 Kg7 41.Nb5 Be7 42.Nc3 Bd8 43.Qb5 Qe7 44.Ra1 Qb7 45.Kg2 Be7
46.Rg4 Bd8 47.Rf1 Qe7 48.Rf2 Kg8 49.Qe2 Qd7 50.Qd1 Be7 51.Kg3 Rcf8 52.Nb5 Qd8
53.Na7 Nxe4+ 54.fxe4 Rxf2 55.Bxf2 Bxg5 56.Nc6 Qf6 57.Qe2 h5 58.Rxg5 Qxg5+
59.Kh3 Rf4 60.Bg3 Rg4 61.Qf3 Kg7 62.b3 Kg8 63.b4 axb4 64.Nxb4 Qc1 65.Nd3 Qc8
66.Kh2 h4 67.Bf2 Rg5 68.Qf6 Qg4 69.Qe6+ Kg7 70.Qe7+ Kh8  1/2-1/2

[Event "DDR-ch 30th"]
[Site "Fuerstenwalde"]
[Date "1981.??.??"]
[Round "2"]
[White "Uhlmann, Wolfgang"]
[Black "Casper, Thomas"]
[Result "1-0"]
[WhiteElo "2475"]
[BlackElo "2345"]

1.c4 Nf6 2.Nc3 d6 3.d4 Nbd7 4.e4 e5 5.Nf3 g6 6.Be2 Bg7 7.O-O O-O 8.Be3 c6
9.Qc2 Ng4 10.Bg5 Bf6 11.Bxf6 Ngxf6 12.Rad1 Qe7 13.Rd2 Re8 14.d5 c5 15.Ne1 Rf8
16.a3 a5 17.Nb5 Ne8 18.Bg4 Ng7 19.Bh3 f5 20.exf5 gxf5 21.f4 e4 22.Qc3 Nf6
23.Nc2 Bd7 24.Ne3 b6 25.Nc7 Rab8 26.Rfd1 Nfe8 27.Nxe8 Rbxe8 28.b4 axb4 29.axb4 Qh4
30.Rf2 Ra8 31.Rb1 Ra7 32.Rff1 Nh5 33.bxc5 Nxf4 34.Rxf4 Qxf4 35.cxb6 Rb7 36.Qd4 Qg5
37.Rf1 Qd8 38.Bxf5 Bxf5 39.Nxf5 Qxb6 40.Ne7+  1-0

[Event "DDR-ch 30th"]
[Site "Fuerstenwalde"]
[Date "1981.??.??"]
[Round "7"]
[White "Uhlmann, Wolfgang"]
[Black "Heinig, Wolfram"]
[Result "1-0"]
[WhiteElo "2475"]
[BlackElo "2365"]

1.c4 g6 2.e4 Bg7 3.d4 d6 4.Nc3 Nd7 5.Nf3 e5 6.Be2 Ngf6 7.O-O O-O 8.Be3 Ng4
9.Bg5 f6 10.Bc1 c6 11.b4 f5 12.d5 Ndf6 13.Ng5 f4 14.Ne6 Bxe6 15.dxe6 h5 16.c5 d5
17.exd5 cxd5 18.e7 Qxe7 19.Nxd5 Nxd5 20.Qxd5+ Kh7 21.Bb2 Rad8 22.Qe4 Nf6
23.Qc2 e4 24.Rae1 Ne8 25.Bxg7 Nxg7 26.Bf3 e3 27.Be4 Qg5 28.fxe3 fxe3 29.Rxf8 Rxf8
30.Qe2 Re8 31.Qxe3 Qh4 32.g3 Qf6 33.a3 Nf5 34.Qd3 Rd8 35.Qf1 Rd2 36.Bxf5 gxf5
37.Qf4 Rd4 38.Qe5 Qxe5 39.Rxe5 Rd3 40.Re7+ Kg6 41.Rxb7 Rxa3 42.b5 Rc3 43.c6 a6
44.bxa6 Rxc6 45.a7 Rc1+ 46.Kf2 Ra1 47.Ke3 h4 48.Kd4 Kg5 49.Kc5 Kg4 50.Rb4+ Kf3
51.Kb6 hxg3 52.Rb3+  1-0

[Event "Gausdal Int"]
[Site "Gausdal"]
[Date "1981.??.??"]
[Round "8"]
[White "Ostermeyer, Peter"]
[Black "Cramling, Dan"]
[Result "1/2-1/2"]
[WhiteElo "2395"]
[BlackElo "2380"]

1.d4 g6 2.c4 Bg7 3.Nc3 d6 4.e4 e5 5.Nf3 Nd7 6.Be2 Ngf6 7.O-O O-O 8.Re1 c6
9.Bf1 Ng4 10.h3 exd4 11.Nxd4 Qb6 12.hxg4 Bxd4  1/2-1/2

[Event "DSV-Turnier"]
[Site "Halle"]
[Date "1981.??.??"]
[Round "4"]
[White "Chekhov, Valery A"]
[Black "Knaak, Rainer"]
[Result "1-0"]
[WhiteElo "2435"]
[BlackElo "2495"]

1.d4 Nf6 2.c4 d6 3.Nf3 g6 4.Nc3 Bg7 5.e4 Nbd7 6.Be2 e5 7.O-O O-O 8.Be3 Ng4
9.Bg5 f6 10.Bd2 c6 11.Qc2 f5 12.Bg5 Qe8 13.exf5 gxf5 14.dxe5 dxe5 15.h3 Nh6
16.Rad1 Nf7 17.Bc1 Nc5 18.b4 Ne6 19.Qxf5 Nd4 20.Qh5 Nxe2+ 21.Nxe2 Qe7 22.Bd2 Be6
23.Ng3 Bxc4 24.Nf5 Qf6 25.Rfe1 Bd5 26.Nxg7 Qxg7 27.Nh4 Kh8 28.Bc3 Rae8 29.Re3 Rg8
30.Rde1 Qg5 31.Qxg5 Rxg5 32.a3 Kg8 33.f4 Rh5 34.Nf3 Bxf3 35.Rxf3 Rf5 36.Rfe3 Kf8
37.fxe5 Ng5 38.Rd1 Ne6 39.Re4 Re7 40.Rd6 Kf7 41.Rd3 Ke8 42.g4 Rf4 43.Ree3 Ref7
44.Be1 Rg7 45.Bg3 Rc4 46.Rd6 Rg6 47.Red3 c5 48.bxc5 Nxc5 49.Rd8+ Kf7 50.Rf3+ Kg7
51.Bh4 Rb6 52.Rc8 Rb1+ 53.Kg2 Rcc1 54.Rc7+ Kg8 55.Rc8+ Kg7 56.Rc7+ Kg8 57.Bf2  1-0

[Event "DSV-Turnier"]
[Site "Halle"]
[Date "1981.??.??"]
[Round "4"]
[White "Vilela, Jose Luis"]
[Black "Vogt, Lothar"]
[Result "0-1"]
[WhiteElo "2430"]
[BlackElo "2455"]

1.d4 Nf6 2.c4 g6 3.Nc3 Bg7 4.e4 d6 5.Be2 O-O 6.Nf3 e5 7.O-O Nbd7 8.Re1 c6
9.Bf1 exd4 10.Nxd4 Ng4 11.h3 Qb6 12.hxg4 Qxd4 13.g5 Qe5 14.Be3 f6 15.Qd2 fxg5
16.Rad1 g4 17.Qxd6 Qe8 18.Bd4 Ne5 19.Re3 Qf7 20.Ree1 Re8 21.b3 g3 22.f3 Qf4
23.c5 Qh4 24.Bc4+ Nxc4 25.bxc4 Qh2+ 26.Kf1 Bh3 27.Re2 Rad8 28.Bg1 Rxd6 29.cxd6 Qh1
30.Na4 Be6 31.Rc2 b6 32.Rd3 Be5  0-1

[Event "DSV-Turnier"]
[Site "Halle"]
[Date "1981.??.??"]
[Round "8"]
[White "Chekhov, Valery A"]
[Black "Hazai, Laszlo"]
[Result "1/2-1/2"]
[WhiteElo "2435"]
[BlackElo "2450"]

1.d4 d6 2.Nf3 g6 3.c4 Bg7 4.Nc3 Nf6 5.e4 O-O 6.Be2 e5 7.Be3 Nbd7 8.O-O c6
9.Qc2 Ng4 10.Bg5 f6 11.Bd2 f5 12.Bg5 Qe8 13.exf5 gxf5 14.dxe5 dxe5 15.h3 Nh6
16.Rad1 Nf7 17.Bc1 e4 18.Nd4 Nfe5  1/2-1/2

[Event "Buna-Turnier"]
[Site "Halle"]
[Date "1981.??.??"]
[Round "10"]
[White "Uhlmann, Wolfgang"]
[Black "Hazai, Laszlo"]
[Result "1/2-1/2"]
[WhiteElo "2510"]
[BlackElo "2430"]

1.c4 g6 2.e4 Bg7 3.d4 d6 4.Nc3 Nd7 5.Be2 e5 6.Nf3 Ngf6 7.O-O O-O 8.Be3 c6
9.Qc2 Ng4 10.Bg5 f6 11.Bd2 f5 12.exf5 gxf5 13.dxe5 dxe5 14.Ng5 Ndf6 15.c5 Kh8
16.b4 h6 17.Nf3 Nd5  1/2-1/2

[Event "DSV-Turnier"]
[Site "Halle"]
[Date "1981.??.??"]
[Round "10"]
[White "Tischbierek, Raj"]
[Black "Hazai, Laszlo"]
[Result "1-0"]
[WhiteElo "2380"]
[BlackElo "2450"]

1.Nf3 Nf6 2.d4 g6 3.c4 Bg7 4.Nc3 O-O 5.e4 d6 6.Be2 e5 7.O-O Nbd7 8.Be3 c6
9.d5 c5 10.Ne1 Ne8 11.a3 f5 12.f3 f4 13.Bf2 g5 14.b4 b6 15.Nd3 h5 16.a4 a5
17.bxa5 bxa5 18.Rb1 Qe7 19.Qb3 Kh8 20.Nb5 Rg8 21.Rfd1 Bf8 22.Qc3 Qg7 23.Kf1 g4
24.Ke1 Be7 25.Kd2 h4 26.Kc2 Bg5 27.h3 gxh3 28.gxh3 Be7 29.Rg1 Qh6 30.Rg4 Bg5
31.Nxd6 Nxd6 32.Nxe5 Nxe5 33.Qxe5+ Kh7 34.Rb6 Ra6 35.Rxa6 Bxa6 36.Bxc5 Nf7
37.Qf5+ Qg6 38.Qxg6+ Rxg6 39.Bd4 Bc8 40.e5 Bxg4 41.fxg4 Rg8 42.e6 Nd8 43.Bd3+ Kh6
44.c5 Be7 45.Ba6 Rg5 46.c6 Rxd5 47.c7 Nxe6 48.c8=Q Nxd4+ 49.Kb1 Kg7 50.Qc7 Kf8
51.Bc4 Rd8 52.Qxf4+ Ke8 53.Bf7+  1-0

[Event "DSV-Turnier"]
[Site "Halle"]
[Date "1981.??.??"]
[Round "13"]
[White "Alexandria, Nana"]
[Black "Vogt, Lothar"]
[Result "1/2-1/2"]
[WhiteElo "2295"]
[BlackElo "2455"]

1.d4 Nf6 2.c4 g6 3.Nc3 Bg7 4.e4 d6 5.Nf3 O-O 6.Be2 e5 7.O-O Nbd7 8.Re1 c6
9.Bf1 exd4 10.Nxd4 Ng4 11.h3 Qb6 12.hxg4 Qxd4 13.g5 Qe5 14.Be3 Qe7 15.Qd2 Ne5
16.Rad1 Be6 17.b3 Rad8 18.Bd4 f6 19.f4 Ng4 20.Nd5 Qf7 21.Nxf6+ Nxf6 22.gxf6 Bxf6
23.g3 h5 24.Bxf6 Qxf6 25.Qd4 Qxd4+ 26.Rxd4 Kf7 27.Kh2 Rfe8 28.Bh3 Bf5 29.Bxf5 gxf5
30.Kg2 Re6 31.Rh1 Rxe4 32.Rxe4 fxe4 33.Rxh5 Rg8  1/2-1/2

[Event "Hradec Kralove"]
[Site "Hradec Kralove"]
[Date "1981.??.??"]
[Round "14"]
[White "Meduna, Eduard"]
[Black "Hausner, Ivan"]
[Result "1-0"]
[WhiteElo "2485"]
[BlackElo "2435"]

1.d4 Nf6 2.c4 g6 3.Nc3 Bg7 4.e4 d6 5.Be2 Nbd7 6.Nf3 e5 7.O-O O-O 8.Be3 Ng4
9.Bg5 f6 10.Bd2 c6 11.d5 c5 12.a3 a6 13.b4 b6 14.Rb1 f5 15.Ng5 Ndf6 16.bxc5 bxc5
17.Ne6 Bxe6 18.dxe6 Re8 19.exf5 gxf5 20.Bxg4 fxg4 21.Bg5 Rxe6 22.Bxf6 Rxf6
23.Qxg4 Ra7 24.Nd5 Rg6 25.Qe4 Rf7 26.Rb6 a5 27.Rfb1 Bf8 28.h4 Qd7 29.f3 Rfg7
30.R1b2 Qa4 31.Rb8 Rf7 32.R2b3 Qd7 33.h5 Rg5 34.R3b7 Qe6 35.Re8 Qh6 36.Ne7+ Rxe7
37.Rbxe7 Rxh5 38.Qd5+ Kh8 39.Rxf8+ Qxf8 40.Qe6  1-0

[Event "DDR-ch U18"]
[Site "Ilmenau"]
[Date "1981.??.??"]
[Round "?"]
[White "Mirschinka, Dirk"]
[Black "Volke, Karsten"]
[Result "0-1"]
[WhiteElo "2200"]
[BlackElo "2200"]

1.d4 Nf6 2.c4 g6 3.Nc3 Bg7 4.e4 O-O 5.Be2 d6 6.Nf3 Nbd7 7.O-O e5 8.Re1 c6
9.Bf1 exd4 10.Nxd4 Re8 11.Bf4 Ne5 12.Qd2 Nh5 13.Bg5 f6 14.Bh4 Nf7 15.Nde2 Qb6
16.Ng3 Bh6 17.Qc2 Nxg3 18.Bxg3 Be6 19.Rad1 Bf8 20.h3 Rad8 21.Kh1 Qa5 22.b3 Bg7
23.Bd3 Ne5 24.Bxe5 dxe5 25.Ne2 Bf7 26.g3 Bf8 27.Kh2 Rd7 28.Rf1 Red8 29.Kg2 Qc5
30.Nc1 Bh6 31.Be2 Rd4 32.Rxd4 Rxd4 33.Nd3 Qe7 34.Bf3 Bf8 35.Rd1 Qd8 36.Kh2 a5
37.Nb2 Bc5 38.Nd3 Ba7 39.Kg2 Kg7 40.Kf1 Be6 41.g4 Qd7 42.Ke2 h6 43.Rg1 Qc7
44.Rg2 a4 45.Rg1 Qb6 46.Rg2 Bf7 47.Rh2 Rd8 48.Rh1 Qa5 49.Rd1 Bd4 50.Rc1 axb3
51.axb3 Ra8 52.Kf1 Qb6 53.Bd1 g5 54.Rb1 Bg6 55.Nc1 Rd8 56.f3 Bg1 57.Rb2 Qd4
58.Ke1 Bf2+ 59.Kf1 Bg3 60.Kg2 Bh4 61.Be2 Qf2+ 62.Kh1 Qe1+ 63.Kg2 Qg3+ 64.Kh1 Qxh3+
65.Kg1 Qg3+ 66.Kh1 Qe1+ 67.Kg2 Qf2+ 68.Kh1 Bg3  0-1

[Event "URS-ch (Women)"]
[Site "Ivano Frankovsk"]
[Date "1981.??.??"]
[Round "?"]
[White "Chekhova Kostina, Tatiana M"]
[Black "Gurieli, Nino"]
[Result "1-0"]
[WhiteElo "2170"]
[BlackElo "2290"]

1.d4 Nf6 2.c4 g6 3.Nc3 Bg7 4.e4 d6 5.Be2 O-O 6.Nf3 e5 7.O-O Nbd7 8.Be3 c6
9.d5 c5 10.Ne1 Ne8 11.Nd3 Qe7 12.b4 cxb4 13.Nxb4 f5 14.f3 Nc5 15.Nd3 f4 16.Bf2 b6
17.a4 Nb7 18.Nb4 Qg5 19.Kh1 Nf6 20.Nb5 Bd7 21.Nc6 Nh5 22.Qe1 Bxc6 23.dxc6 Nd8
24.Qd2 Kh8 25.c7 Ne6 26.Qxd6 Nc5 27.Nxa7 Nb3 28.c5 bxc5 29.Ba6 Rxa7 30.Qxf8+ Bxf8
31.c8=Q Kg7 32.Rab1 Nd4 33.Rb7+ Rxb7 34.Qxb7+ Kh6 35.Bc4 Ng3+ 36.Bxg3 fxg3
37.Bg8 Bg7 38.Qd7 Nxf3 39.Qh3+ Nh4 40.hxg3  1-0

[Event "NOR-ch"]
[Site "Kirkenes"]
[Date "1981.??.??"]
[Round "?"]
[White "Harestad, Thor Geir"]
[Black "Svedenborg, Dag"]
[Result "0-1"]
[WhiteElo "2265"]
[BlackElo "2200"]

1.Nf3 g6 2.c4 Bg7 3.d4 d6 4.Nc3 Nf6 5.e4 O-O 6.Be2 Nbd7 7.O-O e5 8.Re1 c6
9.Bf1 Nh5 10.g3 exd4 11.Nxd4 Ne5 12.Be2 Nf6 13.f4 Ned7 14.Be3 Re8 15.Bf3 Nc5
16.Bf2 Bh3 17.Nc2 Ne6 18.Qe2 Qc7 19.Rad1 Rad8 20.Rd3 Nd7 21.Qd2 Ndc5 22.Rde3 a5
23.Kh1 f5 24.b3 Qf7 25.Rd1 fxe4 26.Nxe4 Nxe4 27.Bxe4 Ng5 28.Bg2 Bxg2+ 29.Kxg2 Ne4
30.Qe1 d5 31.cxd5 Rxd5 32.Qe2 Rxd1 33.Qxd1 Nc3 34.Rxe8+ Qxe8 35.Qe1 Qd7 36.Ne3 Qe6
37.Qd2 Qe4+ 38.Kg1 Bd4 39.a4 c5 40.h4 Qf3 41.Qd3 Ne2+ 42.Kf1 Nxg3+ 43.Ke1 Bc3+  0-1

[Event "NLD-ch"]
[Site "Leeuwarden"]
[Date "1981.??.??"]
[Round "3"]
[White "Langeweg, Kick"]
[Black "Van der Sterren, Paul"]
[Result "1/2-1/2"]
[WhiteElo "2455"]
[BlackElo "2440"]

1.d4 Nf6 2.Nf3 g6 3.c4 Bg7 4.Nc3 O-O 5.e4 d6 6.Be2 e5 7.Be3 c6 8.O-O Nbd7
9.Qc2 Qe7 10.Rfe1 Ng4 11.Bg5 f6 12.Bh4 exd4 13.Nxd4 Nc5 14.Rad1 a5 15.b3 Qc7
16.Bf1 Bh6 17.Bg3 Ne5 18.f3 Bd7 19.Bf2 Be8 20.Kh1 Bf7 21.g3 Rfe8 22.f4 Ned7
23.Rd2 Re7 24.Red1 Bf8 25.h4 h5 26.Bg2 Ree8 27.Nf3 Rad8 28.Bh3 b6  1/2-1/2

[Event "NLD-ch"]
[Site "Leeuwarden"]
[Date "1981.??.??"]
[Round "13"]
[White "Grooten, Herman"]
[Black "Ree, Hans"]
[Result "0-1"]
[WhiteElo "2200"]
[BlackElo "2485"]

1.c4 g6 2.e4 Bg7 3.d4 d6 4.Nc3 Nf6 5.Be2 O-O 6.Nf3 e5 7.Be3 Nc6 8.d5 Ne7
9.Nd2 Ne8 10.b4 Kh8 11.c5 f5 12.cxd6 Nxd6 13.f3 fxe4 14.fxe4 c6 15.dxc6 Nxc6
16.Nf3 Bg4 17.O-O Bxf3 18.Bxf3 Nd4 19.Bg4 Rxf1+ 20.Kxf1 Nc4 21.Bf2 Qg5 22.Qd3 Nd2+
23.Ke1 Qxg4 24.Kxd2 Bh6+ 25.Ke1 Qxg2 26.Bxd4 exd4  0-1

[Event "POL-chT"]
[Site "Lubniewice"]
[Date "1981.??.??"]
[Round "3"]
[White "Szmacinska, Grazyna"]
[Black "Grabczynska, H."]
[Result "1/2-1/2"]
[WhiteElo "2165"]
[BlackElo "1955"]

1.d4 Nf6 2.c4 g6 3.Nc3 Bg7 4.e4 d6 5.Nf3 O-O 6.Be2 Nbd7 7.O-O e5 8.Re1 exd4
9.Nxd4 Nc5 10.f3 a5 11.Be3 Re8 12.Qd2 c6 13.Rad1 Qe7 14.Bf2 Nh5 15.f4 Nf6
16.Bf3 Ng4 17.Re2 h5 18.Bg3 h4 19.Be1 Bh6 20.h3 Ne5 21.b3 Ncd3 22.Qc2 Nxf4
23.Rf2 Ne6 24.Nxe6 Bxe6 25.Rf1 Be3+ 26.Kh1 Red8 27.Ne2 Bg5 28.Nd4 a4 29.Bd2 axb3
30.axb3 Ra7 31.Bxg5 Qxg5 32.Qf2 Rda8 33.Nxe6 fxe6 34.Rxd6 Ra2 35.Be2 Qe7
36.Rdd1 Rf8 37.Qd4 Rxf1+  1/2-1/2

[Event "POL-chT"]
[Site "Lubniewice"]
[Date "1981.??.??"]
[Round "7"]
[White "Luczak, Andrzej"]
[Black "Balcerowski, Witold"]
[Result "1-0"]
[WhiteElo "2405"]
[BlackElo "2355"]

1.d4 g6 2.c4 Nf6 3.Nc3 Bg7 4.e4 d6 5.Be2 O-O 6.Nf3 e5 7.Be3 exd4 8.Nxd4 Re8
9.f3 a6 10.Qd2 Nc6 11.O-O Ne5 12.Rad1 c5 13.Nc2 Be6 14.b3 Qa5 15.Qe1 Qc7
16.f4 Nc6 17.f5 Nxe4 18.Nxe4 Bxf5 19.Rxf5 Rxe4 20.Rf2 Rae8 21.Bf3 Nd4 22.Bxe4 Rxe4
23.Rd3 Qe7 24.Qc1 Nxc2 25.Rxc2 Bd4 26.Re2 f5 27.Bxd4 Rxe2 28.Re3 Rxe3 29.Qxe3 Qxe3+
30.Bxe3 Kf7 31.Kf2 Ke6 32.Kf3 b6 33.Bf4 d5 34.Ke3 b5 35.cxb5 axb5 36.a4 bxa4
37.bxa4 Kd7 38.Kd3 Kc6 39.Be3 d4 40.Bxd4 cxd4 41.Kxd4 Kd6 42.h4 h6 43.a5 g5
44.hxg5 hxg5 45.a6  1-0

[Event "POL-chT"]
[Site "Lubniewice"]
[Date "1981.??.??"]
[Round "7"]
[White "Schinzel, Wladyslaw"]
[Black "Flis, Jacek"]
[Result "0-1"]
[WhiteElo "2375"]
[BlackElo "2310"]

1.d4 Nf6 2.c4 d6 3.Nc3 Nbd7 4.e4 e5 5.Nf3 g6 6.Be2 Bg7 7.O-O O-O 8.Re1 c6
9.Bf1 a5 10.h3 Re8 11.dxe5 dxe5 12.Be3 Bf8 13.Na4 Bb4 14.Nd2 b6 15.a3 Bf8
16.Rb1 Nh5 17.b4 axb4 18.axb4 Ng7 19.Nf3 Qc7 20.Nc3 Ne6 21.b5 c5 22.Nd5 Qd8
23.h4 Nd4 24.h5 Bb7 25.g3 Bxd5 26.cxd5 Bd6 27.Nd2 Nf6 28.hxg6 hxg6 29.Kg2 Kg7
30.Bd3 Rh8 31.Rh1 Qd7 32.Bf1 Rxh1 33.Kxh1 Rh8+ 34.Kg1 Ng4 35.Nc4 f5 36.Bg2 Bc7
37.Bxd4 exd4 38.Qd3 f4 39.gxf4 Bxf4 40.Rb2 Qd8 41.Ra2 Qg5 42.Ra7+ Kf6 43.e5+ Nxe5
44.Nxe5 Bxe5 45.Qf3+ Qf4 46.Rb7 Rb8 47.Qxf4+ Bxf4 48.Rxb8 Bxb8 49.Bf1 Ke5
50.Bc4 Ke4 51.Kf1 d3  0-1

[Event "Sokolsky mem"]
[Site "Minsk"]
[Date "1981.??.??"]
[Round "4"]
[White "Dydyshko, Viacheslav"]
[Black "Kovalev, Andrei"]
[Result "1/2-1/2"]
[WhiteElo "2445"]
[BlackElo "2200"]

1.d4 Nf6 2.c4 g6 3.Nc3 Bg7 4.e4 O-O 5.Nf3 d6 6.Be2 e5 7.O-O Nbd7 8.Re1 c6
9.Bf1 a5 10.dxe5 dxe5 11.Na4 Qe7 12.Qc2 Re8 13.b3 Rb8 14.c5 Nf8 15.Bb2 Nh5
16.g3 Bg4 17.Bg2 Nd7 18.Qc3 Ra8 19.Nd2 Bf8 20.Rac1 f6 21.Qe3 Ng7 22.Nc4 Red8
23.Ncb6 Nxb6 24.Nxb6 Ra7 25.f4 Ne6 26.fxe5 Qxc5  1/2-1/2